MARC details
| 000 -LEADER |
| fixed length control field |
03191cam a2200457Ii 4500 |
| 001 - CONTROL NUMBER |
| control field |
909705 |
| 003 - CONTROL NUMBER IDENTIFIER |
| control field |
OSt |
| 005 - DATE AND TIME OF LATEST TRANSACTION |
| control field |
20250902031432.0 |
| 008 - FIXED-LENGTH DATA ELEMENTS--GENERAL INFORMATION |
| fixed length control field |
160607s2016 nyua e 000 0 eng |
| 010 ## - LIBRARY OF CONGRESS CONTROL NUMBER |
| LC control number |
2016026669 |
| 020 ## - INTERNATIONAL STANDARD BOOK NUMBER |
| International Standard Book Number |
9780399185045 (hardcover) |
| 020 ## - INTERNATIONAL STANDARD BOOK NUMBER |
| International Standard Book Number |
0399185046 (hardcover) |
| 035 ## - SYSTEM CONTROL NUMBER |
| System control number |
(OCoLC)944933649 |
| Canceled/invalid control number |
(OCoLC)958625071 |
| 035 ## - SYSTEM CONTROL NUMBER |
| System control number |
(OCoLC)ocn944933649 |
| 035 ## - SYSTEM CONTROL NUMBER |
| System control number |
904918 |
| 040 ## - CATALOGING SOURCE |
| Original cataloging agency |
DLC |
| Language of cataloging |
eng |
| Description conventions |
rda |
| Transcribing agency |
DLC |
| Modifying agency |
YDXCP |
| -- |
BTCTA |
| -- |
BDX |
| -- |
OCLCO |
| -- |
OCLCF |
| -- |
WYZ |
| -- |
JNE |
| -- |
ON8 |
| -- |
FM0 |
| -- |
IFA |
| 042 ## - AUTHENTICATION CODE |
| Authentication code |
pcc |
| 049 ## - LOCAL HOLDINGS (OCLC) |
| Holding library |
IFAA |
| 099 ## - LOCAL FREE-TEXT CALL NUMBER (OCLC) |
| Classification number |
294.3444 |
| Filing suffix |
2016 |
| 999 ## - SYSTEM CONTROL NUMBERS (KOHA) |
| Koha Dewey Subclass [OBSOLETE] |
294.3444 BSTAN-ʼDZIN-RGYA-MTSHO 2016 |
| 100 0# - MAIN ENTRY--PERSONAL NAME |
| Personal name |
Bstan-ʼdzin-rgya-mtsho, |
| Titles and words associated with a name |
Dalai Lama XIV, |
| Dates associated with a name |
1935- |
| Relator term |
author. |
| 245 14 - TITLE STATEMENT |
| Title |
The book of joy : |
| Remainder of title |
lasting happiness in a changing world / |
| Statement of responsibility, etc. |
His Holiness the Dalai Lama and Archbishop Desmond Tutu, with Douglas Abrams. |
| 264 #1 - PRODUCTION, PUBLICATION, DISTRIBUTION, MANUFACTURE, AND COPYRIGHT NOTICE |
| Place of production, publication, distribution, manufacture |
New York : |
| Name of producer, publisher, distributor, manufacturer |
Avery, |
| Date of production, publication, distribution, manufacture, or copyright notice |
[2016] |
| 300 ## - PHYSICAL DESCRIPTION |
| Extent |
x, 354 pages : |
| Other physical details |
illustrations ; |
| Dimensions |
23 cm |
| 336 ## - CONTENT TYPE |
| Content type term |
text |
| Content type code |
txt |
| Source |
rdacontent |
| 337 ## - MEDIA TYPE |
| Media type term |
unmediated |
| Media type code |
n |
| Source |
rdamedia |
| 338 ## - CARRIER TYPE |
| Carrier type term |
volume |
| Carrier type code |
nc |
| Source |
rdacarrier |
| 505 0# - FORMATTED CONTENTS NOTE |
| Formatted contents note |
Arrival: we are fragile creatures -- The nature of true joy -- Why are you not morose? -- Nothing beautiful comes without some suffering -- Have you renounced pleasure? -- Our greatest joy -- Lunch: the meeting of two mischievous people Is wonderful -- The obstacles to joy -- You are a masterpiece in the making -- Fear, stress, and anxiety: I would be very nervous -- Frustration and anger: I would shout -- Sadness and grief: the hard times knit us more closely together -- Despair: the world Is in such turmoil -- Loneliness: no need for introduction -- Envy: that guy goes past yet again in his Mercedes-Benz -- Suffering and adversity: passing through difficulties -- Illness and fear of death: I prefer to go to hell -- Meditation: now I'll tell you a secret thing -- The eight pillars of joy -- Perspective: there are many different angles -- Humility: I tried to look humble and modest -- Humor: laughter, joking is much better -- Acceptance: the only place where change can begin -- Forgiveness: freeing ourselves from the past -- Gratitude: I am fortunate to be alive -- Compassion: something we want to become -- Generosity: we are filled with joy -- Celebration: dancing in the streets of Tibet -- Departure: a final goodbye -- Joy practices. |
| 520 ## - SUMMARY, ETC. |
| Summary, etc. |
Two leading spiritual masters share their wisdom about living with joy even in the face of adversity, sharing personal stories and teachings about the science of profound happiness and the daily practices that anchor their emotional and spiritual lives. |
| 650 #0 - SUBJECT ADDED ENTRY--TOPICAL TERM |
| Topical term or geographic name as entry element |
Happiness |
| General subdivision |
Religious aspects. |
| 650 #0 - SUBJECT ADDED ENTRY--TOPICAL TERM |
| Topical term or geographic name as entry element |
Joy |
| General subdivision |
Religious aspects. |
| 650 #0 - SUBJECT ADDED ENTRY--TOPICAL TERM |
| Topical term or geographic name as entry element |
Self-actualization (Psychology) |
| General subdivision |
Religious aspects. |
| 655 #7 - INDEX TERM--GENRE/FORM |
| Genre/form data or focus term |
Self-help publications. |
| Source of term |
lcgft |
| 700 1# - ADDED ENTRY--PERSONAL NAME |
| Personal name |
Tutu, Desmond, |
| Relator term |
author. |
| 700 1# - ADDED ENTRY--PERSONAL NAME |
| Personal name |
Abrams, Douglas Carlton, |
| Relator term |
author. |
| 902 ## - LOCAL DATA ELEMENT B, LDB (RLIN) |
| a |
MARCIVE |
| 910 ## - USER-OPTION DATA (OCLC) |
| User-option data |
BRO-cust20200618-147 |
| 942 ## - ADDED ENTRY ELEMENTS (KOHA) |
| Koha item type |
Libro/Book |